000 00438nam a2200169Ia 4500
003 GCL
008 140319s9999 xx 000 0 ara d
040 _aGCL /
_cGCL
082 0 4 _a813.03
_bا ج
100 1 _aامينة السعيد
245 1 0 _aالجامحة /
_cامينة السعيد
300 _a190 ص
490 _aاقرأ
_v0
650 0 4 _aالادب العربى
650 0 4 _aالقصص العربية
942 _2ddc
_cBK
999 _c46820
_d46820